[Event "Primorsko op"]
[Site "Primorsko"]
[Date "2021.09.14"]
[Round "2"]
[White "Tsolov, Emil"]
[Black "Kirilov, Ivaylo"]
[Result "0-1"]
[WhiteElo "1856"]
[BlackElo "2063"]
[PlyCount "88"]
[EventDate "2021.09.13"]
[EventType "swiss"]
[EventRounds "9"]
[EventCountry "BUL"]
[SourceTitle "CBM 204 Extra"]
[Source "ChessBase"]
[SourceDate "2021.11.30"]
[SourceVersion "1"]
[SourceVersionDate "2021.11.30"]
[SourceQuality "1"]

1. c4 c5 2. Nc3 Nc6 3. g3 g6 4. Bg2 Bg7 5. e4 d6 6. Nge2 e6 7. 0-0 Nge7 8. d3 0-0 9. h3 b6 10. Kh2 Bb7 11. f4 Qd7 12. Rb1 Rad8 13. a3 Nd4 14. Nxd4 Bxd4 15. Ne2 Bg7 16. b4 d5 17. cxd5 exd5 18. e5 Ba6 19. Nc3 f6 20. Re1 fxe5 21. fxe5 Qf5 22. b5 Bb7 23. d4 cxd4 24. Qxd4 Kh8 25. g4 Qe6 26. Bg5 Rfe8 27. Bf6 Rd7 28. Rf1 Ng8 29. g5 Rc8 30. Rb4 Rc4 31. Qd3 Nxf6 32. exf6 Qe5+ 33. Kh1 Rxc3 34. fxg7+ Kxg7 35. Qd2 d4 36. Bxb7 Rxh3+ 37. Kg1 Rxb7 38. Qxd4 Rg3+ 39. Kh2 Rxg5+ 40. Qxe5+ Rxe5 41. a4 Rbe7 42. Rf2 Re4 43. Rf7+ Kxf7 44. Rd4 Rxd4 0-1

[Event "BUL-chT2 64th"]
[Site "Sunny Beach"]
[Date "2015.06.05"]
[Round "6.3"]
[White "Tsolov, Emil"]
[Black "Stanchev, Svetoslav"]
[Result "0-1"]
[WhiteElo "1934"]
[BlackElo "1967"]
[PlyCount "139"]
[EventDate "2015.05.31"]
[EventType "team-swiss"]
[EventRounds "7"]
[EventCountry "BUL"]
[SourceTitle "CBM 166 Extra"]
[Source "ChessBase"]
[SourceDate "2015.06.18"]
[SourceVersion "1"]
[SourceVersionDate "2015.06.18"]
[SourceQuality "1"]
[WhiteTeam "Kozloduy Radetski"]
[BlackTeam "Stara Zagora Trayana"]
[WhiteTeamCountry "BUL"]
[BlackTeamCountry "BUL"]

1. c4 Nf6 2. Nc3 e6 3. e4 e5 4. Nf3 Nc6 5. d4 exd4 6. Nxd4 Bb4 7. Nxc6 bxc6 8. Bd3 Qe7 9. 0-0 0-0 10. Qe2 d6 11. Bd2 Re8 12. a3 Bc5 13. Be3 Bxe3 14. Qxe3 Ng4 15. Qg3 Qe5 16. Be2 Qxg3 17. hxg3 Nf6 18. f3 a5 19. b4 axb4 20. axb4 Be6 21. Rfb1 Nd7 22. Kf2 f6 23. f4 Reb8 24. b5 c5 25. Ra6 Nb6 26. Rba1 Bc8 27. Ra7 Rxa7 28. Rxa7 Rb7 29. Ra6 Rb8 30. Ra7 Rb7 31. Ra1 Be6 32. Nd5 Bxd5 33. cxd5 Kf7 34. Bg4 Ke7 35. Be6 Nd7 36. Bxd7 Kxd7 37. Ra5 Kc8 38. Ra8+ Rb8 39. Ra5 Kb7 40. Ra6 Ra8 41. Rc6 Ra2+ 42. Kf3 Rb2 43. e5 fxe5 44. fxe5 dxe5 45. Rxc5 Rb4 46. Ke3 Kb8 47. Kf3 Rd4 48. Ke3 Kb7 49. Kf3 Kb6 50. Rc6+ Kb7 51. Rc5 h5 52. Ke3 Rb4 53. Kf3 Kb8 54. Ke3 Kb7 55. Kf3 g5 56. Ke3 Rd4 57. Kf3 Rb4 58. Ke3 Rg4 59. Kf3 e4+ 60. Kf2 e3+ 61. Kxe3 Rxg3+ 62. Kf2 h4 63. Kf1 g4 64. Rc4 h3 65. gxh3 gxh3 66. Kf2 Rb3 67. Kg1 Rxb5 68. Rd4 Kc8 69. Kh2 Rb3 70. Rc4 0-1

[Event "Vidin Balkan Amateur op 5th"]
[Site "Vidin"]
[Date "2014.08.26"]
[Round "4"]
[White "Tsolov, Emil"]
[Black "Livaja, Mario"]
[Result "1-0"]
[WhiteElo "1992"]
[BlackElo "2250"]
[PlyCount "75"]
[EventDate "2014.08.23"]
[EventType "swiss"]
[EventRounds "9"]
[EventCountry "BUL"]
[SourceTitle "CBM 162 Extra"]
[Source "ChessBase"]
[SourceDate "2014.10.17"]
[SourceVersion "1"]
[SourceVersionDate "2014.10.17"]
[SourceQuality "1"]

1. c4 Nf6 2. Nc3 e6 3. e4 Bb4 4. e5 Ng8 5. Qg4 g6 6. a3 Bxc3 7. bxc3 f5 8. exf6 Nxf6 9. Qh4 d6 10. d4 b6 11. Bg5 0-0 12. Be2 Bb7 13. Nf3 Nbd7 14. 0-0 Qe7 15. Rfe1 Rf7 16. Nd2 Qf8 17. Bf3 Bxf3 18. Nxf3 Re7 19. Re2 h5 20. Rae1 Rae8 21. Qf4 Qg7 22. h3 a6 23. Bh4 b5 24. cxb5 axb5 25. Qg5 e5 26. dxe5 Nxe5 27. Nxe5 Nh7 28. Qxe7 Rxe7 29. Bxe7 Qxe7 30. Nxg6 Qg5 31. Re8+ Kg7 32. R1e7+ Kf6 33. Re6+ Kg7 34. R8e7+ Kg8 35. Rxc7 Nf6 36. Rxd6 Qxg6 37. Rd8+ Ne8 38. Re7 1-0

[Event "Vidin Balkan Amateur op 5th"]
[Site "Vidin"]
[Date "2014.08.24"]
[Round "2"]
[White "Danov, Lyubomir"]
[Black "Tsolov, Emil"]
[Result "1-0"]
[WhiteElo "2221"]
[BlackElo "1992"]
[PlyCount "59"]
[EventDate "2014.08.23"]
[EventType "swiss"]
[EventRounds "9"]
[EventCountry "BUL"]
[SourceTitle "CBM 162 Extra"]
[Source "ChessBase"]
[SourceDate "2014.10.17"]
[SourceVersion "1"]
[SourceVersionDate "2014.10.17"]
[SourceQuality "1"]

1. e4 c5 2. Nf3 Nc6 3. Bb5 g6 4. Bxc6 bxc6 5. 0-0 Nf6 6. e5 Nd5 7. d4 cxd4 8. Qxd4 Bg7 9. Qh4 0-0 10. Bh6 f6 11. Bxg7 Kxg7 12. c4 Nc7 13. Nc3 Ne6 14. Rad1 Qa5 15. Rfe1 Rf7 16. exf6+ exf6 17. Nd4 Qb4 18. Rd2 Ba6 19. Nxe6+ dxe6 20. Rxe6 Qxc4 21. Qxc4 Bxc4 22. Rxc6 Re8 23. f3 Be6 24. Kf2 Rb7 25. b3 h5 26. Ne4 h4 27. Nd6 Rd8 28. Nf5+ Bxf5 29. Rxd8 Bb1 30. Rd2 1-0

[Event "Kesarovski Georgiev Memorial 9th"]
[Site "Sunny Beach"]
[Date "2010.09.04"]
[Round "8"]
[White "El Ayyash, Rawad"]
[Black "Tsolov, Emil"]
[Result "0-1"]
[WhiteElo "1830"]
[BlackElo "2029"]
[PlyCount "90"]
[EventDate "2010.08.28"]
[EventType "swiss"]
[EventRounds "9"]
[EventCountry "BUL"]
[SourceTitle "CBM 138 Extra"]
[Source "ChessBase"]
[SourceDate "2010.10.29"]
[SourceVersion "1"]
[SourceVersionDate "2010.10.29"]
[SourceQuality "1"]

1. d4 Nf6 2. Bf4 g6 3. Nf3 Bg7 4. e3 0-0 5. h3 d6 6. Bd3 Nbd7 7. 0-0 c6 8. c3 Re8 9. Nbd2 e5 10. Bg5 h6 11. Bxf6 Nxf6 12. Qc2 Qe7 13. e4 Nh5 14. Rfe1 Nf4 15. Bf1 Kh7 16. Kh2 a6 17. a3 Be6 18. g3 Nh5 19. Bd3 Rad8 20. Rad1 Qc7 21. Qc1 Rf8 22. Nf1 Qc8 23. Ng1 exd4 24. f4 dxc3 25. bxc3 f5 26. Qc2 Nf6 27. c4 fxe4 28. Bxe4 Nxe4 29. Qxe4 Rfe8 30. Qd3 d5 31. c5 Bf5 32. Qb3 Qc7 33. Ne3 Be4 34. Qa4 h5 35. Re2 h4 36. Rf2 hxg3+ 37. Kxg3 g5 38. Ng2 gxf4+ 39. Nxf4 Be5 40. Nge2 Rg8+ 41. Kh2 Rdf8 42. Rdf1 Qg7 43. Rg1 Qxg1+ 44. Nxg1 Rxf4 45. Qxe4+ dxe4 0-1

[Event "Kesarovski Georgiev Memorial 9th"]
[Site "Sunny Beach"]
[Date "2010.08.28"]
[Round "1"]
[White "Tsolov, Emil"]
[Black "Vasilev, Milen"]
[Result "1/2-1/2"]
[WhiteElo "2029"]
[BlackElo "2473"]
[PlyCount "173"]
[EventDate "2010.08.28"]
[EventType "swiss"]
[EventRounds "9"]
[EventCountry "BUL"]
[SourceTitle "CBM 138 Extra"]
[Source "ChessBase"]
[SourceDate "2010.10.29"]
[SourceVersion "1"]
[SourceVersionDate "2010.10.29"]
[SourceQuality "1"]

1. c4 e5 2. Nc3 Nc6 3. g3 Nf6 4. Bg2 Bc5 5. e3 0-0 6. Nge2 d5 7. cxd5 Nb4 8. d4 exd4 9. exd4 Bb6 10. a3 Nbxd5 11. Bg5 Nxc3 12. bxc3 h6 13. Bf4 c6 14. 0-0 Be6 15. Re1 Qd7 16. a4 Ba5 17. Bd2 Bd5 18. Nf4 Bxg2 19. Kxg2 Rad8 20. Nd3 b6 21. Ne5 Qd5+ 22. Qf3 Rd6 23. Rad1 Re8 24. c4 Qxf3+ 25. Nxf3 Bxd2 26. Rxe8+ Nxe8 27. Rxd2 Nc7 28. h4 g6 29. Re2 Ne6 30. Rd2 f6 31. Kf1 g5 32. hxg5 hxg5 33. g4 Kf7 34. Ke2 Nf4+ 35. Kd1 Rd8 36. Ne1 Rh8 37. Nd3 Nxd3 38. Rxd3 Rh1+ 39. Kc2 Rf1 40. f3 Ke6 41. Re3+ Kd6 42. Kb2 Rd1 43. Kc3 a5 44. f4 gxf4 45. Rf3 Ra1 46. Rxf4 Ra3+ 47. Kb2 Rxa4 48. Rxf6+ Kd7 49. Kb3 Rb4+ 50. Kc3 Rb1 51. Rf7+ Ke6 52. Rh7 a4 53. Rh6+ Kd7 54. Rh7+ Kd6 55. c5+ bxc5 56. dxc5+ Kxc5 57. Ra7 Rb3+ 58. Kc2 Rb4 59. g5 Rg4 60. g6 Kb6 61. Ra8 Kb5 62. Rb8+ Kc4 63. Ra8 Rg2+ 64. Kb1 Rxg6 65. Kb2 Rg2+ 66. Ka3 Rg3+ 67. Ka2 a3 68. Ra4+ Kb5 69. Rh4 c5 70. Rf4 Rd3 71. Rh4 c4 72. Rh8 Kb4 73. Rb8+ Kc3 74. Rh8 Kc2 75. Rh2+ Rd2 76. Rh1 Re2 77. Kxa3 c3 78. Ka2 Rd2 79. Rg1 Rh2 80. Rf1 Rh8 81. Rf2+ Kd1 82. Rg2 Rc8 83. Rg1+ Ke2 84. Kb1 Kd3 85. Kc1 Rh8 86. Rg3+ Kc4 87. Rg7 1/2-1/2

[Event "Kozloduy op rap"]
[Site "Kozloduy"]
[Date "2009.06.19"]
[Round "4"]
[White "Ivanov, Stojan Lubomirov"]
[Black "Tsolov, Emil"]
[Result "1-0"]
[WhiteElo "2125"]
[BlackElo "2029"]
[PlyCount "95"]
[EventDate "2009.06.18"]
[EventType "swiss (rapid)"]
[EventRounds "7"]
[EventCountry "BUL"]
[SourceTitle "CBM 131 Extra"]
[Source "ChessBase"]
[SourceDate "2009.09.03"]
[SourceVersion "2"]
[SourceVersionDate "2009.09.16"]
[SourceQuality "1"]

1. d4 Nf6 2. Nf3 e6 3. c4 c5 4. g3 cxd4 5. Nxd4 Nc6 6. Bg2 d5 7. 0-0 Bc5 8. Nb3 Be7 9. cxd5 Nxd5 10. Bd2 0-0 11. Nc3 Nf6 12. Be3 e5 13. Rc1 Be6 14. Nc5 Bxc5 15. Bxc5 Qxd1 16. Rfxd1 Rfd8 17. b3 a6 18. Bb6 Rxd1+ 19. Rxd1 Rc8 20. Na4 Nd7 21. Be3 f6 22. Nb6 Nxb6 23. Bxb6 Kf7 24. f4 exf4 25. gxf4 f5 26. Kf2 Re8 27. Bf3 g6 28. h4 h5 29. Rd6 Rc8 30. Ke1 Ke7 31. Bc5 Kf7 32. Kd2 Rd8 33. Kc3 Rxd6 34. Bxd6 Ke8 35. Bxc6+ bxc6 36. Kb4 Kd7 37. Kc5 a5 38. Be5 a4 39. bxa4 Bxa2 40. a5 Bd5 41. a6 Kc8 42. e3 Bf3 43. Bd4 Be2 44. a7 Kb7 45. Kd6 c5 46. Bxc5 Bb5 47. Ke7 Ka8 48. Kf7 1-0

[Event "Kozloduy op 1st"]
[Site "Kozloduy"]
[Date "2008.06.21"]
[Round "7"]
[White "Vladimirova, Maria"]
[Black "Tsolov, Emil"]
[Result "1-0"]
[WhiteElo "1971"]
[BlackElo "2019"]
[PlyCount "120"]
[EventDate "2008.06.19"]
[EventType "swiss (rapid)"]
[EventRounds "7"]
[EventCountry "BUL"]
[SourceTitle "CBM 125 Extra"]
[Source "ChessBase"]
[SourceDate "2008.09.01"]
[SourceVersion "1"]
[SourceVersionDate "2008.09.01"]
[SourceQuality "1"]

1. e4 c5 2. Nf3 Nc6 3. d4 cxd4 4. Nxd4 Nf6 5. Nc3 e5 6. Ndb5 d6 7. Bg5 a6 8. Na3 Be6 9. Bxf6 Qxf6 10. Nc4 Rc8 11. Nxd6+ Bxd6 12. Qxd6 Rd8 13. Qc5 Qg5 14. Qe3 Qxe3+ 15. fxe3 0-0 16. a3 Rd6 17. Bd3 Rfd8 18. 0-0-0 f6 19. Rd2 Na5 20. Rhd1 Bg4 21. Ne2 Rc8 22. Kb1 Kf8 23. h3 Bh5 24. g4 Bg6 25. Ng3 Rcd8 26. b3 R6d7 27. Kb2 b5 28. Rf2 h6 29. Rdf1 Nb7 30. b4 Nd6 31. Nf5 Bxf5 32. exf5 e4 33. Be2 Rc7 34. Rc1 Nc4+ 35. Bxc4 Rxc4 36. h4 Ke7 37. Rg1 a5 38. bxa5 Ra8 39. Rd1 Ra4 40. Rd5 R8xa5 41. Rfd2 Ra7 42. R2d4 Rxa3 43. Rxe4+ Kf7 44. Rxb5 Ra2+ 45. Kc1 Rc7 46. Rb2 Ra3 47. Kd2 Rac3 48. Rd4 R3c5 49. Rdb4 Rc3 50. Rb7 Rxc2+ 51. Rxc2 Rxb7 52. Kd3 Rd7+ 53. Ke4 Re7+ 54. Kf4 Ra7 55. Rc4 Rb7 56. g5 hxg5+ 57. hxg5 Ra7 58. g6+ Ke7 59. Rc8 Ra4+ 60. e4 Ra7 1-0